00702nam a2200229 a 4500001001300000003000900013005001700022008004100039020002300080082001700103100002100120245002700141260003200168300000900200500003500209505006500244650001300309902000800322942000700330952011800337999001700455nice12345678IN_TiNIC20260116013620.0050524s1994 cama grp 000 0 eng  a1874166 c25800a297.63bSAR2 aSardar, Ziauddin aMuhammad for Beginners aCambridgebIcon Pressc1994 a175p aincludes index and biblioraphy2 aQuranic view of Christianity in the light of modern research aMuhammad bSRS cBK 001040708StackRoom-aHMIbHMId2007-07-10g258.00l0o297.63 SAR2p015695r2007-07-10v258.00w2005-05-24yBK c11667d11667